<?xml version="1.0" encoding="UTF-8"?>
<record
    xmlns:xsi="http://www.w3.org/2001/XMLSchema-instance"
    xsi:schemaLocation="http://www.loc.gov/MARC21/slim http://www.loc.gov/standards/marcxml/schema/MARC21slim.xsd"
    xmlns="http://www.loc.gov/MARC21/slim">

  <leader>01325nam a22002897a 4500</leader>
  <controlfield tag="008">170614s2016        mx||||| |||| 00| 0 spa d</controlfield>
  <datafield tag="020" ind1=" " ind2=" ">
    <subfield code="a">9786079651930</subfield>
  </datafield>
  <datafield tag="082" ind1="0" ind2="4">
    <subfield code="a">701.18</subfield>
    <subfield code="b">P896p</subfield>
  </datafield>
  <datafield tag="100" ind1="1" ind2=" ">
    <subfield code="a">Pradilla, Nicol&#xE1;s.</subfield>
    <subfield code="9">5818</subfield>
  </datafield>
  <datafield tag="245" ind1="1" ind2="0">
    <subfield code="a">P&#xFA;blicos fantasma /</subfield>
    <subfield code="c">compilado por Nicol&#xE1;s Pradilla ; Andrew Murphie, Janneke Adema, Gary Hall y Alessadro Ludovico ; traducido por Sol Ar&#xE9;chiga Mantilla.</subfield>
  </datafield>
  <datafield tag="250" ind1=" " ind2=" ">
    <subfield code="a">1a ed.</subfield>
  </datafield>
  <datafield tag="260" ind1=" " ind2=" ">
    <subfield code="a">M&#xE9;xico :</subfield>
    <subfield code="b">Taller de Ediciones Econ&#xF3;micas,</subfield>
    <subfield code="c">2016.</subfield>
  </datafield>
  <datafield tag="300" ind1=" " ind2=" ">
    <subfield code="a">126 p&#xE1;ginas.</subfield>
  </datafield>
  <datafield tag="505" ind1="0" ind2=" ">
    <subfield code="t">P&#xFA;blicos fantasma: el colectivo no reconocido en la transformaci&#xF3;n contempor&#xE1;nea de la circulaci&#xF3;n de las ideas</subfield>
    <subfield code="r">Andrew Murphie.</subfield>
    <subfield code="t">La naturaleza pol&#xED;tica del libro: sobre libros de artista y acceso abierto radical</subfield>
    <subfield code="r">Janneke Adema y Garry Hall.</subfield>
    <subfield code="t">La red: transformando la cultura, transformando el universo editorial</subfield>
    <subfield code="r">Alessandro Ludovico.</subfield>
  </datafield>
  <datafield tag="653" ind1="1" ind2="0">
    <subfield code="a">Arte contrmpor&#xE1;neo</subfield>
  </datafield>
  <datafield tag="653" ind1="1" ind2="0">
    <subfield code="a">Arte - Cr&#xED;tica y apreciaci&#xF3;n</subfield>
  </datafield>
  <datafield tag="653" ind1="1" ind2="0">
    <subfield code="a">Ensayos</subfield>
  </datafield>
  <datafield tag="653" ind1="1" ind2="0">
    <subfield code="a">Filosof&#xED;a del arte</subfield>
  </datafield>
  <datafield tag="653" ind1="1" ind2="0">
    <subfield code="a">Editoriales - Arte</subfield>
  </datafield>
  <datafield tag="653" ind1="1" ind2="0">
    <subfield code="a">Industria editorial</subfield>
  </datafield>
  <datafield tag="653" ind1="1" ind2="0">
    <subfield code="a">Libros art&#xED;sticos</subfield>
  </datafield>
  <datafield tag="700" ind1="1" ind2=" ">
    <subfield code="a">Murphie, Andrew.</subfield>
    <subfield code="9">5819</subfield>
  </datafield>
  <datafield tag="700" ind1="1" ind2=" ">
    <subfield code="a">Adema, Janneke.</subfield>
    <subfield code="9">5820</subfield>
  </datafield>
  <datafield tag="700" ind1="1" ind2=" ">
    <subfield code="a">Hall, Gary.</subfield>
    <subfield code="9">5821</subfield>
  </datafield>
  <datafield tag="700" ind1="1" ind2=" ">
    <subfield code="a">Ludovico, Alessandro.</subfield>
    <subfield code="9">5822</subfield>
  </datafield>
  <datafield tag="700" ind1="1" ind2=" ">
    <subfield code="a">Ar&#xE9;chiga Mantilla, Sol.</subfield>
    <subfield code="e">traductora.</subfield>
    <subfield code="9">5823</subfield>
  </datafield>
  <datafield tag="999" ind1=" " ind2=" ">
    <subfield code="c">1199</subfield>
    <subfield code="d">1199</subfield>
  </datafield>
  <datafield tag="952" ind1=" " ind2=" ">
    <subfield code="0">0</subfield>
    <subfield code="1">0</subfield>
    <subfield code="2">ddc</subfield>
    <subfield code="4">0</subfield>
    <subfield code="7">0</subfield>
    <subfield code="a">LV</subfield>
    <subfield code="b">LV</subfield>
    <subfield code="c">Monograf&#xED;as</subfield>
    <subfield code="d">2017-06-14</subfield>
    <subfield code="l">0</subfield>
    <subfield code="o">701.18 P896p</subfield>
    <subfield code="p">004354</subfield>
    <subfield code="r">2017-06-14 00:00:00</subfield>
    <subfield code="w">2017-06-14</subfield>
    <subfield code="y">01</subfield>
  </datafield>
</record>
